[Event "ESP-ch Rapid"]
[Site "Linares"]
[Date "2023.08.19"]
[Round "1"]
[White "Razola Garcia, Joaquin"]
[Black "Moral Garcia, Serafin"]
[Result "0-1"]
[WhiteElo "1906"]
[BlackElo "2250"]
[PlyCount "80"]
[EventDate "2023.08.19"]
[EventType "swiss (rapid)"]
[EventRounds "10"]
[EventCountry "ESP"]
[SourceTitle "CBM 215 Extra"]
[Source "ChessBase"]
[SourceDate "2023.09.30"]
[SourceVersion "1"]
[SourceVersionDate "2023.09.30"]
[SourceQuality "1"]

1. d4 Nf6 2. c4 g6 3. Nc3 d5 4. cxd5 Nxd5 5. e4 Nxc3 6. bxc3 Bg7 7. Bc4 c5 8. Be3 Nc6 9. Ne2 0-0 10. 0-0 Qc7 11. Rc1 Rd8 12. Qc2 Na5 13. Qd3 a6 14. a3 Nxc4 15. Qxc4 b5 16. Qxc5 Qxc5 17. dxc5 Be6 18. Nd4 Bc4 19. Rfd1 Rd7 20. f4 Rc8 21. Kf2 e6 22. e5 Bf8 23. Nf3 Rxd1 24. Rxd1 Bd5 25. Bd4 Bxc5 26. Ke3 Bxd4+ 27. cxd4 Kf8 28. Rd3 Ke7 29. g4 Rc2 30. Nd2 a5 31. Ne4 Rxh2 32. Nf2 Rg2 33. g5 Rg3+ 34. Kd2 Rg2 35. Ke3 Rg1 36. Rc3 Bc4 37. a4 Re1+ 38. Kf3 Bd5+ 39. Kg3 bxa4 40. Rc7+ Kd8 0-1

[Event "Calvia Amateur op 7th"]
[Site "Calvia"]
[Date "2010.10.13"]
[Round "5"]
[White "Razola Garcia, Joaquin"]
[Black "Navarrete Terrasa, Sebastian"]
[Result "0-1"]
[WhiteElo "2112"]
[BlackElo "1997"]
[PlyCount "106"]
[EventDate "2010.10.09"]
[EventType "swiss"]
[EventRounds "9"]
[EventCountry "ESP"]
[SourceTitle "EXT 2011"]
[Source "ChessBase"]
[SourceDate "2010.11.26"]
[SourceVersion "1"]
[SourceVersionDate "2010.11.26"]
[SourceQuality "1"]

1. e4 c5 2. f4 d5 3. exd5 Nf6 4. Bc4 Nxd5 5. d3 g6 6. Nf3 Bg7 7. 0-0 0-0 8. Qe2 Nc6 9. c3 a6 10. a4 Rb8 11. a5 e6 12. Qf2 Nxa5 13. Qxc5 Nxc4 14. dxc4 Qb6 15. Qxb6 Nxb6 16. b3 Nd7 17. Ba3 Re8 18. Bd6 Ra8 19. Ne5 b6 20. Nd2 Bb7 21. b4 f6 22. Nxd7 Red8 23. Nxb6 Rxd6 24. Nxa8 Rxd2 25. Rfd1 Rxg2+ 26. Kf1 Rxh2 27. Nc7 h5 28. Nxe6 h4 29. Nxg7 h3 30. Rd8+ Kxg7 31. Rd7+ Kh6 32. Rxb7 Rh1+ 33. Kf2 Rxa1 34. Kg3 Ra3 35. Kxh3 Rxc3+ 36. Kg4 Rxc4 37. Kg3 Rc3+ 38. Kg2 Rb3 39. Rb6 f5 40. Kf2 Kh5 41. Kg2 Kg4 42. Rxg6+ Kxf4 43. Rh6 Rb2+ 44. Kf1 Kf3 45. Ke1 Rxb4 46. Rxa6 f4 47. Rg6 Rb1+ 48. Kd2 Kf2 49. Rh6 f3 50. Rg6 Kf1 51. Rh6 Rb8 52. Ke3 f2 53. Rg6 Ke1 0-1

[Event "Calvia Amateur op 7th"]
[Site "Calvia"]
[Date "2010.10.10"]
[Round "2"]
[White "Renteria Becerra, Jorge Elicer"]
[Black "Razola Garcia, Joaquin"]
[Result "1-0"]
[WhiteElo "2266"]
[BlackElo "2112"]
[PlyCount "66"]
[EventDate "2010.10.09"]
[EventType "swiss"]
[EventRounds "9"]
[EventCountry "ESP"]
[SourceTitle "EXT 2011"]
[Source "ChessBase"]
[SourceDate "2010.11.26"]
[SourceVersion "1"]
[SourceVersionDate "2010.11.26"]
[SourceQuality "1"]

1. e4 e6 2. d4 d5 3. Nc3 Bb4 4. e5 c5 5. a3 Bxc3+ 6. bxc3 Qc7 7. Qg4 f6 8. exf6 Nxf6 9. Qg3 Qxg3 10. hxg3 0-0 11. Nf3 Bd7 12. a4 c4 13. Bf4 Nc6 14. Bd6 Rfe8 15. Ne5 Ne4 16. Nxc6 Bxc6 17. Be5 Nxc3 18. a5 b5 19. f3 b4 20. Kd2 Rad8 21. Rh4 Rd7 22. a6 Rc8 23. g4 Bb5 24. g5 Rc6 25. g6 h6 26. g3 Bxa6 27. g4 Nb5 28. g5 hxg5 29. Rh7 c3+ 30. Ke3 Nc7 31. Bxa6 Rxa6 32. Rah1 Kf8 33. Bf6 Nb5 1-0

[Event "Cadiz op 17th"]
[Site "Cadiz"]
[Date "2010.07.07"]
[Round "4.3"]
[White "Razola Garcia, Joaquin"]
[Black "Urbina Perez, Juan Antonio"]
[Result "1-0"]
[WhiteElo "2117"]
[BlackElo "2189"]
[PlyCount "91"]
[EventDate "2010.07.05"]
[EventType "swiss"]
[EventRounds "7"]
[EventCountry "ESP"]
[SourceTitle "EXT 2024"]
[Source "ChessBase"]
[SourceDate "2023.10.10"]
[SourceVersion "1"]
[SourceVersionDate "2023.10.10"]
[SourceQuality "1"]

1. e4 c5 2. d4 cxd4 3. c3 d3 4. Bxd3 d6 5. Be3 Nf6 6. f3 Nc6 7. c4 e6 8. Ne2 Be7 9. 0-0 0-0 10. Nbc3 a6 11. Qd2 b6 12. Rfd1 Rb8 13. Rac1 Re8 14. Qe1 Bb7 15. Qf2 Ba8 16. Na4 Nd7 17. f4 b5 18. cxb5 axb5 19. Nac3 Qa5 20. a3 b4 21. axb4 Nxb4 22. Bb1 Nc5 23. e5 Nb3 24. exd6 Nxc1 25. dxe7 Nxe2+ 26. Nxe2 Nd5 27. Qh4 h6 28. Bd4 Rxe7 29. Ng3 Qa4 30. Rd2 Qb4 31. Ne4 Rc8 32. Rd1 f5 33. Nf2 Qb7 34. Qg3 Nxf4 35. Bd3 e5 36. Bc3 Nxd3 37. Rxd3 f4 38. Qg6 e4 39. Ng4 Qa7+ 40. Kf1 Kh8 41. Qxh6+ Kg8 42. Qg6 Qa1+ 43. Kf2 Qa7+ 44. Kf1 Rf8 45. Rh3 Qa1+ 46. Be1 1-0

[Event "NATO-ch 19th"]
[Site "Brussels"]
[Date "2008.08.07"]
[Round "5"]
[White "Razola Garcia, Joaquin"]
[Black "Donati, Roberto"]
[Result "1/2-1/2"]
[WhiteElo "2105"]
[BlackElo "2154"]
[PlyCount "72"]
[EventDate "2008.08.04"]
[EventType "swiss"]
[EventRounds "7"]
[EventCountry "BEL"]
[SourceTitle "EXT 2015"]
[Source "ChessBase"]
[SourceDate "2014.11.20"]
[SourceVersion "1"]
[SourceVersionDate "2014.11.20"]
[SourceQuality "1"]

1. e4 c5 2. d4 cxd4 3. c3 d3 4. Bxd3 Nc6 5. c4 d6 6. Nc3 g6 7. Nge2 Bg7 8. Be3 Nf6 9. f3 Nd7 10. 0-0 Nde5 11. b3 Qa5 12. Rc1 Nxd3 13. Qxd3 0-0 14. Nd5 e6 15. Ndc3 Rd8 16. Rfd1 b6 17. Nb5 Nb4 18. Qd2 Nxa2 19. Qxa5 bxa5 20. Rc2 Nb4 21. Rcd2 d5 22. cxd5 Ba6 23. Nc7 Bxe2 24. Rxe2 Rac8 25. d6 Rxc7 26. Bg5 Rcd7 27. Bxd8 Rxd8 28. e5 Nd5 29. Ree1 Bh6 30. g3 f6 31. f4 g5 32. Rxd5 exd5 33. e6 Bf8 34. e7 Bxe7 35. dxe7 Re8 36. Rd1 Kf7 1/2-1/2

[Event "NATO-ch 19th"]
[Site "Brussels"]
[Date "2008.08.05"]
[Round "2"]
[White "Lillevold, Frode"]
[Black "Razola Garcia, Joaquin"]
[Result "1-0"]
[WhiteElo "2172"]
[BlackElo "2105"]
[PlyCount "69"]
[EventDate "2008.08.04"]
[EventType "swiss"]
[EventRounds "7"]
[EventCountry "BEL"]
[SourceTitle "EXT 2015"]
[Source "ChessBase"]
[SourceDate "2014.11.20"]
[SourceVersion "1"]
[SourceVersionDate "2014.11.20"]
[SourceQuality "1"]

1. d4 Nf6 2. c4 e6 3. Nc3 Bb4 4. Qc2 c5 5. dxc5 Bxc5 6. a3 a5 7. Nf3 h6 8. Bf4 0-0 9. e3 Qe7 10. Rd1 Nc6 11. Be2 b6 12. 0-0 Bb7 13. Rd2 Rfd8 14. Rfd1 d5 15. cxd5 exd5 16. Nd4 Nxd4 17. exd4 Bd6 18. Bxd6 Rxd6 19. Bb5 Ne4 20. Re2 Re6 21. Rde1 Qh4 22. g3 Qh5 23. Re3 Rf6 24. Bd3 Rxf2 25. Qxf2 f5 26. Nxe4 fxe4 27. Be2 Qg6 28. Rf1 Bc8 29. Qf8+ Kh7 30. Rc3 Qg5 31. Rxc8 Rxc8 32. Qxc8 Qe3+ 33. Rf2 Qxd4 34. Bh5 e3 35. Bg6+ 1-0

[Event "Cadiz op 17th"]
[Site "San Fernando"]
[Date "2003.07.21"]
[Round "6.9"]
[White "Garcia Jimenez, Francisco Javier"]
[Black "Razola Garcia, Joaquin"]
[Result "0-1"]
[WhiteElo "2210"]
[BlackElo "2220"]
[PlyCount "64"]
[EventDate "2003.07.18"]
[EventType "swiss"]
[EventRounds "8"]
[EventCountry "ESP"]
[SourceTitle "CBM 095 Extra"]
[Source "ChessBase"]
[SourceDate "2003.09.04"]
[SourceVersion "1"]
[SourceVersionDate "2003.09.04"]
[SourceQuality "1"]

1. e4 e6 2. Nc3 d5 3. exd5 exd5 4. d3 Nf6 5. g3 Bg4 6. f3 Be6 7. Bg2 Bb4 8. Bd2 d4 9. Ne4 Bxd2+ 10. Nxd2 Nd5 11. Nf1 0-0 12. Ne2 Re8 13. Qd2 c5 14. Kf2 Nc6 15. Re1 Qb6 16. c4 Ne3 17. Nf4 Nxg2 18. Kxg2 Bd7 19. Nd5 Qd8 20. Rxe8+ Bxe8 21. g4 Ne7 22. Nxe7+ Qxe7 23. Ng3 Bc6 24. Re1 Qf6 25. Ne4 Qg6 26. h3 f5 27. Nf2 h6 28. Re5 Rf8 29. g5 hxg5 30. Rxc5 g4 31. hxg4 fxg4 32. Qg5 Qf7 0-1